MAASAI MARA UNIVERSITY

LIBRARY CATALOGUE

Contact Us: +254 020 2685356/7 or 0774 057787

Box: 861-20500, NAROK, KENYA

Email: info@mmarau.ac.ke

_Cost Management A Strategic emphasis Edward J.Blocher (Record no. 7626)

MARC details
000 -LEADER
fixed length control field 00464nam a2200157Ia 4500
008 - FIXED-LENGTH DATA ELEMENTS--GENERAL INFORMATION
fixed length control field 151021s9999 xx 000 0 und d
020 ## - INTERNATIONAL STANDARD BOOK NUMBER
International Standard Book Number 9.7800731282e+012
050 ## - LIBRARY OF CONGRESS CALL NUMBER
Classification number HF 5686 .C8B559 2008
245 ## - TITLE STATEMENT
Title _Cost Management A Strategic emphasis Edward J.Blocher
260 ## - PUBLICATION, DISTRIBUTION, ETC. (IMPRINT)
Place of publication, distribution, etc. Boston McGraw-hill 2008
300 ## - PHYSICAL DESCRIPTION
Extent xxiv,902p.;ill
500 ## - GENERAL NOTE
General note Includes index.
650 ## - SUBJECT ADDED ENTRY--TOPICAL TERM
Topical term or geographic name as entry element _Cost accounting
700 ## - ADDED ENTRY--PERSONAL NAME
Personal name _David E Stout
980 ## - EQUIVALENCE OR CROSS-REFERENCE-SERIES STATEMENT--PERSONAL NAME/TITLE [LOCAL, CANADA]
Personal name ^d20110708 09:51:12^oanne

No items available.

© 2016 Maasai Mara University.